01200nam a22003012 450000100060000000300080000600500170001400800410003103500190007204000270009104100080011808200210012610000560014724500450020326000500024830000900029850000480038850001000043650400200053665000270055665000390058365000280062265100440065065100290069494200120072399900170073595201460075216436BD-RjUL20211209000017.0140213r19471938enka 001 0 eng d a(BD-RjUL)16491 aDLCbengcDLCdBD-RjUL aeng04a796.52bSMV 19471 aSmythe, F. S.q(Francis Sydney),d1900-1949.95082014aThe valley of flowers /cby F.S. Smythe. aLondon :bHodder and Stoughton,c1938 [1947]. a[xii], 13-318 p., [16] leaves of plates :bill. (some col.), maps (1 fold.) ;c23 cm. aOriginal edition was first printed in 1938. aAn account of the author's expedition to the Bhyundar valley and the Garhwal Himalayas in 1937. aincludes index. 0aMountaineering.950717 0aBotanyzHimalaya Mountains.950821 0aMountain plants.950822 0aBhyundar Valley (Garhwal, India)950823 0aGarhwāl (India)950824 2ddccBK c16436d16436 00102ddc40718NFICaRUCLbRUCLcReadingd1956-02-11eU.B 2 stationaryg16.00l0o796.52 SMV 1947r2014-02-13 00:00:00tC-1w2014-02-13yBK